000 nam a22 7a 4500
999 _c63854
_d63854
005 20220118155024.0
008 220118b xxu||||| |||| 00| 0 eng d
040 _aANE
041 _aEs
100 _aCÉSAR SEPÚLVEDA
245 _a Libro Derecho Internacional
300 _a16 p.
856 _uhttp://documentacion.asambleanacional.gob.ec/alfresco/d/d/workspace/SpacesStore/7047d908-dfba-450e-8e2f-9185bf280ec9/Libro%20Derecho%20Internacional.pdf
942 _2ddc
_cBV
_zNr.